000 00825cab a22001935a 4500
001 L152007
008 110121e20111125xxk 000 0 eng d
035 _a(Sirsi) u152007
041 0 _aeng
245 0 0 _aContract awards recede as sector remains volatile
260 _c2011
490 _aConstruction News
_v(7199) 6 January 2011, 14-17(4)
520 _aContracts overview, table of top 50 contractors and top 10 clients in November 2010; top 50 contractors, top 10 contractors in London, and top 10 contractors in the industrial sector over the past 12 months; projects forecast for Northern Ireland; tables of top 10 clients and top 10 contractors for Northern Ireland.
590 _aKA
651 4 _aUnited Kingdom
_y
690 _aBUILT ENVIRONMENT-CONSTRUCTION MARKET
700 1 _aRubinsohn, Simon
942 _n0
999 _c82878
_d82878